000 00543nam a22001817a 4500
005 20170808145355.0
010 _aENG-119411
020 _a9789389393309
_c675.00
035 _aEN-102943
037 _bDBAD/PUB
082 _a621.382
100 _aGupta, Manoj
245 _aThe new era of telecommunication /
_cby Manoj Gupta
260 _aAllahbad
_bSankat Prakashan
_c2016
270 _a5, Upendra Nath Ashk Marg, Old Khusro Bagh Road, Allahbad-211001
300 _a256p
_c23cm.(Hb)
942 _2ddc
_cEN
_h621.382
_mGUP
999 _c141952
_d141952